LEADER 00852nam0-22003011i-450- 001 990000287820403321 005 20001010 035 $a000028782 035 $aFED01000028782 035 $a(Aleph)000028782FED01 035 $a000028782 100 $a20001010d--------km-y0itay50------ba 101 0 $aita 105 $ay-------001yy 200 1 $aIntroduction to Modern Liquid Chromatography.$fL.R. Snyder, J.J. Kirkland. 210 $aNew York$cWiley & Sons$d1974 215 $an.v.p., 24 cm 676 $a543 700 1$aSnyder,$bLloyd R.$075155 702 1$aKirkland,$bJoseph Jack$f<1925- > 801 0$aIT$bUNINA$gRICA$2UNIMARC 901 $aBK 912 $a990000287820403321 952 $a04 082-61$bIRC 365/L$fDINCH 959 $aDINCH 996 $aIntroduction to Modern Liquid Chromatography$9127585 997 $aUNINA DB $aING01 LEADER 01081nam0 22002891i 450 001 SUN0009746 005 20060509120000.0 010 $a88-8114-130-2 020 $aIT$b96 8459 100 $a20021118e19951713 |0itac50 ba 101 $aita$aLAT 102 $aIT 105 $a|||| ||||| 200 1 $aˆLa ‰tela giudiziaria$fnotar Francesco di Ruggiero$ga cura di Antonio De Feo 210 $aNapoli$cEdizioni scientifiche italiane$d[1995] 215 $aXXVII, 102, 136 p.$d24 cm. 620 $dNapoli$3SUNL000005 676 $a347.457$v21 700 1$aDi Ruggiero$b, Francesco$3SUNV007580$0239128 702 1$aDe Feo$b, Antonio$3SUNV007581 712 $aESI$3SUNV000952$4650 801 $aIT$bSOL$c20181109$gRICA 912 $aSUN0009746 950 $aUFFICIO DI BIBLIOTECA DEL DIPARTIMENTO DI GIURISPRUDENZA$d00 CONS XXIV.AabII.7 $e00 7482 995 $aUFFICIO DI BIBLIOTECA DEL DIPARTIMENTO DI GIURISPRUDENZA$h7482$kCONS XXIV.AabII.7$oc$qa 996 $aTela giudiziaria$9890892 997 $aUNICAMPANIA LEADER 01474nam0-2200481---450- 001 990000908940203316 005 20091124111957.0 010 $a88-204-8364-5 035 $a0090894 035 $aUSA010090894 035 $a(ALEPH)000090894USA01 035 $a0090894 100 $a20020128d1994----km-y0ITAy01------ba 101 $aita 102 $aIT 105 $a00||| 200 1 $aEconomia monetaria$fDavid G. Pierce, Peter J. Tysome$gprefazione di Giorgio Dellacasa 210 $aMilano$cF. Angeli$d[1994] 215 $a479 p.$d22 cm 300 $aSeguono appendici 300 $aTrad. di Rossana Sabatino, Leo Aldo Narducci 454 1$12001$aMonetary economics$936173 606 $aPolitica monetaria$xTeorie 676 $a339.5301 700 1$aPIERCE,$bDavid G.$0114562 701 1$aTYSOME,$bPeter J.$0121449 801 0$aIT$csalbc$gISBD 912 $a990000908940203316 951 $aXXX.B. Coll. 43/ 24 (COLL.PEI 18)$b3444 EC$cXXX.B. Coll. 43/ 24 (COLL.PEI)$d00247199 951 $a300 332.46 PIE$b6127 DISES 959 $aBK 969 $aECO 969 $aDISES 979 $aPATTY$b90$c20020128$lUSA01$h1112 979 $c20020403$lUSA01$h1734 979 $aPATRY$b90$c20040406$lUSA01$h1703 979 $aRSIAV3$b90$c20091124$lUSA01$h1119 979 $c20121027$lUSA01$h1546 979 $c20121027$lUSA01$h1558 979 $c20121027$lUSA01$h1610 996 $aMonetary economics$936173 997 $aUNISA DEB $aUSA3397